000 01060nam a2200217 a 4500
008 130426s2010 ||||||||||||||||| || u
020 _a9780857025500
050 _aLC 4704 Uni
100 _aWeston, Carrie
245 1 0 _aUEL Special needs and lnclusive education reader
_cEdited by Carrie Weston
260 _aLondon
_bSAGE Publications
_c2010
300 _axi, 545p.: ill.
350 _a43.38
500 _aIncludes references
650 _aCHILDREN WITH DISABILITIES--EDUCATION
650 _aSPECIAL EDUCATION
650 _aMAINSTREAMING IN EDUCATION
995 _aMAIN LIBRARY OPEN ACCESS
_D43.38
_e744121
_FCBU-MAIN LIBRARY (Kitwe)
_jLC 4704 Uni
_M1
_UAVAILABLE
_WJun 21, 2013
_y744121
_ZMain Library Open Access Collection
995 _aMAIN LIBRARY OPEN ACCESS
_e745110
_FCBU-MAIN LIBRARY (Kitwe)
_I43.38
_jLC 4704 Uni
_M3
_UAVAILABLE
_WApr 27, 2015
_y745110
_ZMain Library Open Access Collection
995 _aMAIN LIBRARY OPEN ACCESS
_e745109
_FCBU-MAIN LIBRARY (Kitwe)
_I43.38
_jLC 4704 Uel
_M2
_UAVAILABLE
_WApr 27, 2015
_y745109
_ZMain Library Open Access Collection
999 _c81460
_d81460